|
|
|
|
| LEADER |
00000nam0a2200000 4500 |
| 001 |
36154 |
| 005 |
20231101210343.0 |
| 035 |
|
|
|a (RuTPU)RU\TPU\book\36623
|
| 035 |
|
|
|a BOOK00003275
|
| 090 |
|
|
|a 36154
|
| 100 |
|
|
|a 20011210d1985 m y0rusy50 ca
|
| 101 |
0 |
|
|a rus
|
| 102 |
|
|
|a RU
|
| 105 |
|
|
|a a j 001zy
|
| 200 |
1 |
|
|a Технология нефтехимического синтеза
|e учебное пособие
|f С. В. Адельсон, Т. П. Вишнякова, Я. М. Паушкин
|
| 205 |
|
|
|a 2-е изд., перераб.
|
| 210 |
|
|
|a Москва
|c Химия
|d 1985
|
| 215 |
|
|
|a 607 с.
|c ил.
|
| 451 |
|
1 |
|0 (RuTPU)RU\TPU\book\71986
|t Ч.2: Нефтехимические продукты и полимеры
|d 1975
|d 1973
|p 350 с.
|
| 451 |
|
1 |
|0 (RuTPU)RU\TPU\book\72008
|t Ч. 1: Углеводородное сырье и продукты его окисления
|p 445 с.
|
| 606 |
1 |
|
|a Нефтехимический синтез
|2 stltpush
|3 (RuTPU)RU\TPU\subj\72455
|9 85966
|
| 610 |
1 |
|
|a технология
|
| 610 |
1 |
|
|a углеводороды
|
| 610 |
1 |
|
|a химизм
|
| 610 |
1 |
|
|a получение
|
| 610 |
1 |
|
|a кислородосодержащие соединения
|
| 610 |
1 |
|
|a производство
|
| 610 |
1 |
|
|a учебные пособия
|
| 675 |
|
|
|a 665.652.7(075.8)
|v 3
|
| 700 |
|
1 |
|a Адельсон
|b С. В.
|g Софья Валерьяновна
|
| 701 |
|
1 |
|a Вишнякова
|b Т. П.
|g Тамара Петровна
|
| 701 |
|
1 |
|a Паушкин
|b Я. М.
|g Ярослав Михайлович
|
| 801 |
|
0 |
|a RU
|b 63413507
|c 20011210
|g PSBO
|
| 801 |
|
2 |
|a RU
|b 63413507
|c 20201021
|g PSBO
|
| 900 |
|
|
|a Химия и технология органических веществ
|
| 900 |
|
|
|a Химия и технология основного органического и нефтехимического синтеза
|
| 942 |
|
|
|c BK
|